|
|
|
|
| LEADER |
00000nam a22000007i 4500 |
| 001 |
IT\ICCU\MOD\1682134 |
| 003 |
ItRI |
| 005 |
20260115232023.0 |
| 008 |
180420s2018 it |||||| ||||| |||||c |
| 020 |
|
|
|a 9788417123130
|
| 040 |
|
|
|b ita
|c importazione bologna sebina
|
| 041 |
|
7 |
|a ita
|2 ISO-639-2
|
| 082 |
|
|
|a 863.7
|9 NARRATIVA SPAGNOLA, 2000-
|2 21
|
| 100 |
1 |
|
|a Isern, Susanna
|0 IT\ICCU\UBOV\354783
|
| 240 |
1 |
0 |
|a Daniela Pirata
|3 IT\ICCU\MOD\1682135
|9 Isern, Susanna
|
| 245 |
1 |
0 |
|a Daniela la pirata /
|c [testo:] Susanna Isern & [illustrazioni:] Gomez.
|
| 260 |
|
|
|a [Madrid] :
|b NubeOcho,
|c 2018
|
| 300 |
|
|
|a 1 volume (senza paginazione) :
|b ill. ;
|c 25 x 29 cm
|
| 500 |
|
|
|a Traduzione: Giulia Di Filippo
|
| 700 |
0 |
|
|a Gómez
|0 IT\ICCU\URBV\396784
|
| 700 |
1 |
|
|a Di Filippo, Giulia
|0 IT\ICCU\UBOV\442130
|4 trl
|
| 790 |
1 |
|
|a Isern, Susanna
|3 IT\ICCU\CFIV\374163
|z Isern, Susanna
|
| 830 |
|
0 |
|a Egalité
|0 IT\ICCU\UBO\4250291
|
| 942 |
|
|
|2 ddc
|c BK
|n 0
|
| 952 |
|
|
|0 0
|1 0
|4 0
|6 R_863_700000000000000_ISE
|7 0
|9 18979
|a BO
|b BO
|d 2026-01-15
|i 19271
|l 0
|o R 863.7 ISE
|p BO19271
|r 2026-01-15 23:20:23
|w 2026-01-15
|x [Sebina 5] [1 v.]
|y BK
|z 1 v.
|
| 999 |
|
|
|c 16133
|d 16133
|